000 00282nam a22001337a 4500
008 170628b xxu||||| |||| 00| 0 eng d
020 _a9780684827933
041 _aeng
080 _a94
100 _a18
101 _aSHH
245 _aRADICAL SON
_cHOROWITZ.D
942 _2udc
_cBK
999 _c19423
_d19423